000 00847nam a22001697a 4500
005 20120218175648.0
008 120218t xxu||||| |||| 00| 0 eng d
020 _c300.00
035 _aB-176873
040 _aदि.प.ल.
_bहिन्दी
100 _aब्रजकिशोर प्रसाद
_942619
245 _aहिन्दू नैतिक दर्शन में कर्म एंव मोक्ष /
_cब्रजकिशोर प्रसाद
260 _aनई दिल्ली
_bजानकी प्रकाशन
_c2005
300 1 _a154पृ
_c22से.मी.
942 _2ddc
_cHN
_h181.41
_mब्रजकि
999 _c63234
_d63234